LDR 00952nam a2200241 i 4500 001 000000193197 003 CaOOAMICUS 005 20260528142924.0 008 101015s1985 gw u000 u ger u 013 $a171837 020 $a3-402-03344-5 040 $aSeMil$bita 245 10$a2. 260 $aMünster :$bAschendorff,$c1985. 300 $a136 p., [3] carte di tav. :$britr. ;$c23 cm. 773 0 $tKatholische Theologen der Reformationszeit.$dMünster : Aschendorff, 1984-1988.$kKatholisches Leben und Kirchenreform im Zeitalter der Glaubensspaltung$g2$w()23872 850 $aSeMil 852 $aSeMil$W1$xVenegono$y1$m2B IV 419$j272732$B143771$CSeMilBibl$Z2$F155256 $81 961 $aAcquisto: Casa editrice 996 $6020$a3-402-03344-5$9(OLS)http://semarc/number/184572 996 $6245$a2$9(OLS)http://semarc/title/46889 996 $6260$aMünster :$bAschendorff$9(OLS)http://semarc/publisher/29674